000 00572cam a22002291 4500
001 sa 67007260
003 DLC
005 20260227112414.0
008 890419m19659999ii b 000 0 hino
010 _asa 67007260
035 _a(OCoLC)19571399
040 _aDLC
_cWaU
_dDLC
042 _apremarc
050 0 0 _aBL1115
_b.J6
100 1 _aJoshi, Hari Shankar.
245 1 0 _aVaidika viśvadarśana.
260 _c[1965-
300 _av.
_c25 cm.
500 _aIn Hindi.
504 _aBibliographical footnotes.
630 0 0 _aVedas
_xCriticism, interpretation, etc.
999 _c76473
_d76473